00324nam a2200121 a 450000500170000000800410001702000060005805000180006410000190008224500480010126000350014944000180018420140414131900.0100902s19uu xx 00 eng d a  aFICbM46 2004 aMeadows, Daisy aAmber the orange fairy /cby Daisy Meadows. aNew York :bScholastic,c2004. aRainbow magic